| 000 | 00842 a2200289 4500 | ||
|---|---|---|---|
| 005 | 20251210112721.0 | ||
| 008 | 251210b |||||||| |||| 00| 0 eng d | ||
| 041 | _aFr | ||
| 044 | _aCIV | ||
| 090 | _bDG/N/3098 | ||
| 100 | _aDIOMANDE, Kady | ||
| 110 | _aCentre National de Recherche Agronomique | ||
| 110 | _bCote d'Ivoire | ||
| 245 |
_aLa gestion administrative des moyens roulants : cas du CNRA _b: Rapport de stage (Brevet de Technicien Superieur Option : Logistique) |
||
| 260 | _aAbidjan | ||
| 260 | _bCNRA | ||
| 260 | _c2025 | ||
| 302 | _a26 p. | ||
| 388 | _a2025-12-10 | ||
| 650 |
_2AGROVOC _gRapport de stage |
||
| 650 | _gGestion | ||
| 650 | _gAdministration | ||
| 650 | _gCNRA | ||
| 650 | _gMoyens generaux | ||
| 650 | _gLogistique | ||
| 856 | _uhttps://ftech.byethost7.com/wp-content/uploads/2025/12/DGN3098.pdf | ||
| 999 |
_c5997 _d5997 |
||